| 000 | 003660000a22001570004500 | ||
|---|---|---|---|
| 001 | 003843 | ||
| 003 | MACL | ||
| 040 | _aMACL | ||
| 090 |
_c15836 _d15835 |
||
| 100 | _aMehendale, M.A | ||
| 245 |
_aReflections on the Mahabharata War _cM.A Mehendale |
||
| 260 |
_aIndian Institute Of Advanced Study, _c1995 |
||
| 350 | _a75 | ||
| 650 | _aReligion | ||
| 942 |
_k245 _cBook |
||
| 999 |
_c15736 _d15736 |
||